000 00395nam a2200145Ia 4500
008 230917s9999||||xx |||||||||||||| ||und||
040 _e116769
_aMAIN
041 _aEnglish
082 _a300.72 A18R
100 _aAdams, John
245 0 _aResearch methods for graduate business and social science students
260 _aNew Delhi
_bSage Publications
_c2007
300 _a270 p.
942 _cBK
999 _c138802
_d138802